Developmental botany and experimental embryology / (Record no. 83157)

MARC details
000 -LEADER
fixed length control field 00615nam a22001937a 4500
005 - DATE AND TIME OF LATEST TRANSACTION
control field 20140324125832.0
010 ## - LCCN (DPL NO)
LC control number ENG-109616
020 ## - INTERNATIONAL STANDARD BOOK NUMBER
Terms of availability 100.00
035 ## - SYSTEM CONTROL NUMBER
System control number EN-93149
037 ## - SOURCE OF ACQUISITION
Source of stock number/acquisition DBAD/PUB
100 ## - MAIN ENTRY--PERSONAL NAME
Personal name Ragland, Annie
245 ## - TITLE STATEMENT
Title Developmental botany and experimental embryology /
Statement of responsibility, etc by Annie Ragland [and] V. Kumaresan
260 ## - PUBLICATION, DISTRIBUTION, ETC. (IMPRINT)
Name of publisher, distributor, etc Saras Publication
Date of publication, distribution, etc 2013
Place of publication, distribution, etc Kanyakumari
270 ## - ADDRESS
City Kanyakumari
Postal code 629002
Address 114/35G, A. R. P. Camp Road, Periavilai, Kottar P. O., Nagercoil
300 ## - PHYSICAL DESCRIPTION
Extent xii,328p. :
Dimensions 18cm(pbk)
Other physical details ill
500 ## - GENERAL NOTE
General note Includes index
700 ## - ADDED ENTRY--PERSONAL NAME
Personal name Kumaresan, V.
942 ## - ADDED ENTRY ELEMENTS (KOHA)
Source of classification or shelving scheme Dewey Decimal Classification
Item type English Books
Call number suffix RAG
Holdings
Withdrawn status Lost status Not for loan Collection code Home library Current library Date acquired Source of acquisition Cost, normal purchase price Full call number Barcode Copy number Cost, replacement price Koha item type
    Not For Loan Non-fiction D.B.Act.Division D.B.Act.Division 24/03/2014 DBAD/PUB 100.00 RAG EN-93149 1 100.00 English Books

© Delhi Public Library
Hit Counter
free hit counter